|
|
|
|
| LEADER |
00000naa a2200000uu 4500 |
| 001 |
vtls010933512 |
| 003 |
SK-MaSNL |
| 005 |
20260302122613.0 |
| 008 |
210824|1999 xo |||||||||||||||||slo| |
| 015 |
|
|
|a SNBRA
|
| 035 |
|
|
|a (urnnbn)urn:nbn:sk:snk:ar-a0b5t8
|
| 035 |
|
|
|a (uuid)0fde0f4e-9a63-499e-ad8a-76888a991deb
|
| 035 |
|
|
|a urn:nbn:sk:snk-aaty8c
|
| 040 |
|
|
|a SNKBUCL
|b slo
|c SNKBUCL
|e AACR2
|
| 041 |
0 |
|
|a slo
|
| 044 |
|
|
|a xo
|c SK
|
| 100 |
1 |
|
|a Sobolev, Boris
|4 aut
|9 806428
|
| 245 |
1 |
0 |
|a ANISOTROPY OF THE FAST IONIC TRANSPORT IN FLUORIDE SUPERIONICS
|c Boris Sobolev, Elena Krivandina, Irina Buchinskaya, Pavel Fedorov, Viera Trnovcová
|
| 700 |
1 |
|
|a Krivandina, Elena
|4 aut
|9 806429
|
| 700 |
1 |
|
|a Buchinskaya, Irina
|4 aut
|9 806430
|
| 700 |
1 |
|
|a Fedorov, Pavel
|4 aut
|9 765526
|
| 700 |
1 |
|
|a Trnovcová, Viera
|4 aut
|9 5800
|
| 773 |
0 |
|
|t CO-MAT-TECH '99
|d V Bratislave : Slovenská technická univerzita, 1999
|g S. 193-198
|z 8022712728
|
| 958 |
|
|
|a OND
|
| 958 |
|
|
|a article11
|
| 958 |
|
|
|a chapter
|
| 999 |
|
|
|c 1278747
|d 1280677
|